Most Populated Countries Containing 'B' - Statistics

General Stats
  • This quiz has been taken 428 times
  • The average score is 12 of 20
Answer Stats
Population Country % Correct
204 mil Brazil
98%
158 mil Bangladesh
90%
11 mil Bolivia
81%
11 mil Belgium
80%
48 mil Colombia
72%
77 mil D.R. Congo
68%
18 mil Burkina Faso
65%
15 mil Cambodia
64%
31 mil Saudi Arabia
63%
9 mil Burundi
57%
13 mil Zimbabwe
57%
25 mil Mozambique
55%
10 mil Benin
54%
15 mil Zambia
54%
31 mil Uzbekistan
53%
53 mil Burma
50%
11 mil Cuba
48%
10 mil Dominican Republic
44%
9 mil Azerbaijan
41%
10 mil Czech Republic
35%
No matching quizzes found
Score Distribution
Percent of People with Each Score
Percentile by Number Answered
Your Score History
You have not taken this quiz